000
00279nam a22001337a 4500
008
170908b xxu||||| |||| 00| 0 eng d
020
_a
9781118021521
041
_a
eng
080
_a
91
100
_a
42
101
_a
GJEO
245
_a
GEOLOGY
_c
SPOONER,A.M
942
_2
udc
_c
BK
999
_c
26895
_d
26895